000
00207nam a2200109Ia 4500
100
_a
LUDLUM/ROBERT.
942
_c
BK
245
_a
CHANCELLER MANUSCRIPT
260
_b
#N/A
546
_a
ENGLISH
999
_c
20694
_d
20694